000 00664cam a2200217 a 4500
001 2381875
005 20180109034215.0
008 850613s1984 gw a b 000 0 eng
010 _a 84236881
020 _a0387136576 (pbk.)
040 _aDLC
_cDLC
_dDLC
041 _aeng
080 _a001.64 MIK
082 0 0 _a001.64 MIK
_219
100 _a28
101 _aSHK
245 0 0 _aAlgorithms, software, and hardware of parallel computers /
_cedited by J. Mikloško and V.E. Kotov ; with contributions by J. Chudík ... [et al.].
504 _aIncludes bibliographical references.
906 _a7
_bcbc
_corignew
_d3
_encip
_f19
_gy-gencatlg
942 _2ddc
_cBK
999 _c39832
_d39832